00690cam a22002291 450000100060000000300080000600500170001400800390003103500190007003500180008904000440010704100080015108200150015910000530017424500540022726000270028130000360030850400200034465000340036465000340039865000280043217802BD-RjUL20211209000208.0140219s1948 maug b 001 0 eng a(BD-RjUL)17860 a(OCoLC)375130 aDLCcOAUdInUdOCoLCdDLCdBD-RjULbeng aeng a780.7bMUE1 aMursell, James L.q(James Lockhart),d1893-1963.10aEducation for musical growth /cJames L. Mursell. aBoston :bGinn,c1948. aviii, 342 p. :bmusic ;c24 cm. aIncludes index. 0aMusicxInstruction and study. 0aMusicxPsychological aspects. 0aEducational psychology.